[Event "Championnat de France - Open A"]
[Site "Nimes"]
[Date "2009.08.20"]
[Round "9.4"]
[White "Suez-Panama, Gilles"]
[Black "Loiseau, Quentin"]
[Result "1/2-1/2"]
[WhiteElo "2122"]
[BlackElo "2093"]
[PlyCount "124"]

1. d4 Nf6 2. Nf3 g6 3. c4 Bg7 4. Nc3 O-O 5. g3 d5 6. cxd5 Nxd5 7. e4 Nxc3 8.
bxc3 c5 9. Be3 Nc6 10. h3 Qa5 11. Qd2 Rd8 12. Rd1 b6 13. Be2 Be6 14. Kf1 cxd4
15. cxd4 Bxa2 16. Qb2 Be6 17. Kg2 Qa2 18. Qxa2 Bxa2 19. d5 Na5 20. Nd4 Bc4 21.
Rhe1 Rac8 22. Bg4 Rc7 23. f4 h5 24. Bf3 Nb3 25. Nc6 Rdc8 26. e5 Bb5 27. Rb1
Bxc6 28. Rxb3 Ba8 29. Rd3 Rc3 30. Red1 Rxd3 31. Rxd3 Rd8 32. g4 hxg4 33. hxg4
g5 34. Kg3 gxf4+ 35. Kxf4 f6 36. exf6 Bxf6 37. g5 Bg7 38. Bg4 Bb7 39. Be6+ Kf8
40. Bd4 Bxd4 41. Rxd4 Bc8 42. Ra4 Bxe6 43. dxe6 a5 44. Ke5 Kg7 45. Rc4 b5 46.
Rc7 Kf8 47. Rb7 b4 48. g6 Rd1 49. g7+ Kxg7 50. Rxe7+ Kg6 51. Rb7 Rb1 52. Kd6 b3
53. e7 Kf7 54. Rb8 Rd1+ 55. Kc5 Rc1+ 56. Kd6 Rd1+ 57. Kc5 Kxe7 58. Rxb3 Ra1 59.
Rb6 a4 60. Ra6 a3 61. Kb4 Rb1+ 62. Kc3 a2 1/2-1/2

[Event "Championnat de France - Open A"]
[Site "Nimes"]
[Date "2009.08.20"]
[Round "9.5"]
[White "Candy, Romain"]
[Black "Feryn, Alexandre"]
[Result "1-0"]
[WhiteElo "2112"]
[BlackElo "1994"]
[PlyCount "121"]

1. e4 c5 2. Nf3 e6 3. d4 cxd4 4. Nxd4 a6 5. Nc3 Qc7 6. Bd3 Nf6 7. O-O Nc6 8.
Be3 Nxd4 9. Bxd4 Bc5 10. Bxc5 Qxc5 11. Kh1 b5 12. Qe1 d6 13. f3 O-O 14. a4 b4
15. Na2 a5 16. c3 Rb8 17. cxb4 axb4 18. Rc1 Qd4 19. Qe2 d5 20. exd5 exd5 21.
Rfd1 Qh4 22. Bb5 Be6 23. Qe1 Qxe1+ 24. Rxe1 Ne8 25. Nxb4 Nd6 26. Nc6 Rb7 27.
Nd4 Bd7 28. Bxd7 Rxd7 29. Kg1 g6 30. Kf2 Rb8 31. b3 Rb4 32. Red1 Nb7 33. Rd3
Nd8 34. Rc8 Kg7 35. Rxd8 Rxd8 36. Nc6 Rdb8 37. Nxb8 Rxb8 38. Ke3 Rb4 39. a5 Rb5
40. a6 Ra5 41. b4 Rxa6 42. Rxd5 Ra1 43. Kd4 Ra2 44. b5 Rxg2 45. b6 Rd2+ 46. Kc5
Rxh2 47. b7 Rb2 48. Kc6 Rxb7 49. Kxb7 f5 50. Rd7+ Kh6 51. Rf7 Kg5 52. Rxh7 Kf4
53. Rg7 g5 54. Rf7 Kxf3 55. Rxf5+ Kg4 56. Rf8 Kh3 57. Kc6 g4 58. Kd5 g3 59. Ke4
g2 60. Kf3 Kh2 61. Rh8+ 1-0

[Event "Championnat de France - Open A"]
[Site "Nimes"]
[Date "2009.08.20"]
[Round "9.6"]
[White "Laborde, Stephane"]
[Black "Benmesbah, Natacha"]
[Result "0-1"]
[WhiteElo "2087"]
[BlackElo "2151"]
[PlyCount "84"]

1. e4 c5 2. Nc3 Nc6 3. Nf3 d6 4. d4 cxd4 5. Nxd4 g6 6. Be3 Bg7 7. Qd2 Nf6 8. f3
O-O 9. O-O-O d5 10. exd5 Nxd5 11. Nxc6 bxc6 12. Nxd5 cxd5 13. Bh6 e6 14. Bxg7
Kxg7 15. h4 h6 16. g4 a5 17. f4 Rb8 18. Qd4+ Qf6 19. g5 Qxd4 20. Rxd4 Bd7 21.
c4 Rfc8 22. Rh2 Be8 23. Rc2 dxc4 24. Rcxc4 Bb5 25. b3 Bxc4 26. Bxc4 Rd8 27. Re4
Rb6 28. Re5 a4 29. h5 gxh5 30. gxh6+ Kxh6 31. f5 axb3 32. axb3 f6 33. Re1 exf5
34. Kc2 Rd4 35. Re8 h4 36. Kc3 Re4 37. Rh8+ Kg5 38. Bd5 Rg4 39. Bc4 Rg3+ 40.
Kd4 Rbxb3 41. Bxb3 Rxb3 42. Rg8+ Kf4 0-1

[Event "Championnat de France - Open A"]
[Site "Nimes"]
[Date "2009.08.20"]
[Round "9.7"]
[White "Girard, Eric"]
[Black "Soyer, Jean-Yves"]
[Result "1-0"]
[WhiteElo "2150"]
[BlackElo "2081"]
[PlyCount "65"]

1. c4 g6 2. e4 Bg7 3. d4 d6 4. Nc3 Nd7 5. Be2 e5 6. d5 Ngf6 7. Bg5 h6 8. Be3
Nc5 9. f3 a5 10. Qd2 Nh5 11. O-O-O f5 12. exf5 gxf5 13. g3 Nf6 14. Nh3 b6 15.
Nf2 h5 16. h4 Qe7 17. Nh3 Bd7 18. Ng5 O-O-O 19. Nb5 Bxb5 20. cxb5 Nfd7 21. Rhe1
Kb7 22. Qc2 Qf6 23. Bc4 Bh6 24. Kb1 Rc8 25. Bf1 Rhg8 26. Bh3 f4 27. Bxd7 Nxd7
28. Qc6+ Kb8 29. Rc1 Nc5 30. Bxc5 Qg6+ 31. Ne4 dxc5 32. d6 Rg7 33. d7 1-0

[Event "Championnat de France - Open A"]
[Site "Nimes"]
[Date "2009.08.20"]
[Round "9.8"]
[White "Lenfant, Francois"]
[Black "Forestier, Carole"]
[Result "0-1"]
[WhiteElo "2074"]
[BlackElo "2111"]
[PlyCount "88"]

1. d4 d5 2. c4 e6 3. Nf3 Nf6 4. g3 dxc4 5. Bg2 c6 6. Ne5 Bb4+ 7. Nc3 Nd5 8. Bd2
b5 9. O-O Bxc3 10. bxc3 Bb7 11. e4 Nf6 12. Qe2 Nbd7 13. f4 O-O 14. f5 Qe7 15.
Bg5 Nxe5 16. dxe5 Qc5+ 17. Be3 Qxe5 18. Bd4 Qc7 19. e5 Nd7 20. f6 Rfc8 21. Qg4
g6 22. Qh4 Qd8 23. Rad1 Qf8 24. Be3 Nxe5 25. Bh6 Qc5+ 26. Rd4 Nd3 27. Be3 Qh5
28. Qe4 c5 29. Qxb7 cxd4 30. Bxd4 Rab8 31. Qxa7 Ne5 32. Kh1 Nd3 33. Kg1 Qe2 34.
Bf3 Qc2 35. Bg4 Qa4 36. Qd7 Qa6 37. Be3 Rd8 38. Qe7 Qd6 39. Qa7 Ra8 40. Qb7 Qd5
41. Qe7 Rxa2 42. Bf3 Qd6 43. Qb7 b4 44. Qe4 Qe5 0-1

[Event "Championnat de France - Open A"]
[Site "Nimes"]
[Date "2009.08.20"]
[Round "9.9"]
[White "Lallement, Victor"]
[Black "Ollier, Milan"]
[Result "1/2-1/2"]
[WhiteElo "2106"]
[BlackElo "2011"]
[PlyCount "44"]

1. e4 c5 2. Nf3 Nc6 3. d4 cxd4 4. Nxd4 e5 5. Nb5 d6 6. N1c3 a6 7. Na3 b5 8. Nd5
Nce7 9. c4 Nxd5 10. cxd5 f5 11. exf5 Bxf5 12. Bd3 e4 13. Qe2 Qe7 14. Bc2 Qe5
15. f3 Nf6 16. O-O Be7 17. fxe4 Bd7 18. Bd3 O-O 19. Bf4 Qd4+ 20. Be3 Qe5 21.
Bf4 Qd4+ 22. Be3 Qe5 1/2-1/2

[Event "Championnat de France - Open A"]
[Site "Nimes"]
[Date "2009.08.20"]
[Round "9.10"]
[White "Allorant, Adrien"]
[Black "Milesi, Laurent"]
[Result "1/2-1/2"]
[WhiteElo "2072"]
[BlackElo "2091"]
[PlyCount "251"]

1. d4 b6 2. e4 Bb7 3. Nc3 e6 4. a3 Nf6 5. Bd3 c5 6. Nf3 cxd4 7. Nxd4 d6 8. O-O
Nbd7 9. Kh1 Be7 10. f4 a6 11. Qf3 h5 12. b4 Qc7 13. Bb2 g6 14. Rae1 h4 15. Qh3
O-O-O 16. b5 a5 17. Nc6 Bxc6 18. bxc6 Qxc6 19. Nb5 Kb8 20. e5 Nh5 21. exd6 Bf6
22. Bxf6 Nhxf6 23. Qf3 Qxf3 24. Rxf3 Nc5 25. Be2 Nfe4 26. Rd1 Rd7 27. Kg1 Rhd8
28. Rh3 Nxd6 29. Nd4 Kc7 30. Bb5 Nxb5 31. Nxb5+ Kc6 32. Rxd7 Rxd7 33. Nc3 Rd2
34. Kf1 Rxc2 35. Ne2 Kd5 36. Rxh4 Ne4 37. Rh8 Ra2 38. g4 Rxa3 39. h4 Rf3+ 40.
Ke1 Rh3 41. Kf1 Nf6 42. f5 Ke5 43. fxg6 fxg6 44. g5 Nh5 45. Rb8 Rb3 46. Rg8 Rb4
47. Kf2 Rb2 48. Kf3 a4 49. Nc1 Kf5 50. Nd3 Rb3 51. Ke2 b5 52. Rd8 Ra3 53. Rd4
Ra2+ 54. Ke3 Rh2 55. Rb4 a3 56. Rxb5+ Kg4 57. Ne5+ Kxh4 58. Nf3+ Kg3 59. Nxh2
Kxh2 60. Ke4 Kg3 61. Ke5 a2 62. Ra5 Kg4 63. Rxa2 Kxg5 64. Rg2+ Kh6 65. Rg1 g5
66. Kxe6 Kg6 67. Ke5 Nf4 68. Ke4 Ne2 69. Ra1 Kh5 70. Ke3 Nf4 71. Kf3 Ng6 72.
Ra5 Nh4+ 73. Ke4 Kg4 74. Ra2 Kg3 75. Ra3+ Kf2 76. Ra5 Nf3 77. Ra2+ Kg3 78. Ra3
g4 79. Kf5 Kh3 80. Kf4 Kh4 81. Ra8 Kh3 82. Rh8+ Kg2 83. Kxg4 Nh2+ 84. Kf4 Nf1
85. Ra8 Kf2 86. Ra2+ Ke1 87. Rg2 Nd2 88. Ke3 Nf1+ 89. Kd3 Kd1 90. Rh2 Ke1 91.
Re2+ Kd1 92. Re8 Nd2 93. Ra8 Nb3 94. Rc8 Nc1+ 95. Kc3 Ne2+ 96. Kd3 Nc1+ 97. Ke3
Nb3 98. Rc3 Nc1 99. Rc4 Nb3 100. Rb4 Nc1 101. Rb2 Ke1 102. Rh2 Kd1 103. Rb2 Ke1
104. Kd4 Kd1 105. Ke3 Ke1 106. Rc2 Kd1 107. Rc6 Nb3 108. Rh6 Nc1 109. Rh2 Nb3
110. Kd3 Nc1+ 111. Kc3 Ne2+ 112. Kb2 Kd2 113. Kb3 Kd1 114. Kc4 Kd2 115. Rh3 Nc1
116. Rh2+ Kd1 117. Kd4 Ne2+ 118. Ke4 Nc1 119. Rg2 Nb3 120. Ra2 Nc1 121. Rb2 Ke1
122. Ke3 Kd1 123. Kd4 Ne2+ 124. Ke3 Nc1 125. Rh2 Nb3 126. Kd3 1/2-1/2

[Event "Championnat de France - Open A"]
[Site "Nimes"]
[Date "2009.08.22"]
[Round "10.1"]
[White "Amoyal, Pierre"]
[Black "Le Ruyet, Leopold"]
[Result "0-1"]
[WhiteElo "2139"]
[BlackElo "2058"]
[PlyCount "114"]
[EventDate "2009.??.??"]

1. d4 Nf6 2. c4 e6 3. Nf3 c5 4. d5 b5 5. dxe6 fxe6 6. cxb5 d5 7. Nc3 Nbd7 8. e4
d4 9. e5 Ng4 10. Ne4 Bb7 11. Nfg5 Ndxe5 12. f4 Bxe4 13. fxe5 Bf5 14. Bd3 Qd5
15. O-O g6 16. b6 axb6 17. Bb5+ Ke7 18. a4 Bg7 19. Qxg4 Bxg4 20. Rf7+ Kd8 21.
Rxg7 Kc8 22. Nf7 Ra7 23. Nd6+ Kb8 24. Rxa7 Kxa7 25. a5 Ra8 26. Bd2 Kb8 27. Nc4
Ra7 28. Nxb6 Qb3 29. Bc4 Qxb6 30. axb6 Rxa1+ 31. Kf2 Bf5 32. Bh6 Rb1 33. b3
Rb2+ 34. Kf3 Bc2 35. Bxe6 Bxb3 36. Bd7 Bd5+ 37. Kf4 Re2 38. h4 d3 39. Bg4 Re4+
40. Kg3 Kb7 41. Bf4 Kxb6 42. Bf3 Rd4 43. Bd1 Rb4 44. Bg4 c4 45. e6 c3 46. e7
Bc6 47. Bf3 Bd7 48. Be3+ Ka6 49. h5 c2 50. hxg6 hxg6 51. Bd2 Rc4 52. Bc1 d2 53.
Bxd2 c1=Q 54. Bxc1 Rxc1 55. Kf4 Re1 56. Kg5 Be8 57. Kf6 Kb6 0-1

[Event "Championnat de France - Open A"]
[Site "Nimes"]
[Date "2009.08.21"]
[Round "10.2"]
[White "Castro, John"]
[Black "Candy, Romain"]
[Result "1-0"]
[WhiteElo "2071"]
[BlackElo "2112"]
[PlyCount "91"]
[EventDate "2009.??.??"]

1. e4 c5 2. Nf3 d6 3. d4 cxd4 4. Nxd4 Nf6 5. Nc3 g6 6. Be3 Bg7 7. f3 Nc6 8. Qd2
O-O 9. Bc4 Bd7 10. O-O-O Rc8 11. Bb3 Nxd4 12. Bxd4 b5 13. Nd5 Nxd5 14. Bxg7
Kxg7 15. exd5 a5 16. a3 b4 17. axb4 axb4 18. Qxb4 Kg8 19. Rhe1 Re8 20. Rd4 Rb8
21. Qc3 Qb6 22. Bc4 Rbc8 23. Rde4 Bf5 24. R4e2 Qc5 25. b3 Rc7 26. Re3 Ra7 27.
g4 Bc8 28. h4 h6 29. Kd2 Rc7 30. h5 g5 31. Rd3 Bb7 32. Qd4 Qa5+ 33. Ke2 e5 34.
dxe6 d5 35. Ra1 Rxe6+ 36. Kf1 Qc5 37. Bxd5 Bxd5 38. Qxd5 Qxc2 39. Rd2 Qc3 40.
Ra8+ Kg7 41. Kg2 Rf6 42. Rf2 Rfc6 43. Re2 Rf6 44. Ree8 Rfc6 45. Rg8+ Kh7 46.
Qf5+ 1-0

[Event "Championnat de France - Open A"]
[Site "Nimes"]
[Date "2009.08.21"]
[Round "10.3"]
[White "Benmesbah, Natacha"]
[Black "Girard, Eric"]
[Result "0-1"]
[WhiteElo "2151"]
[BlackElo "2150"]
[PlyCount "60"]
[EventDate "2009.??.??"]

1. e4 e6 2. d4 d5 3. Nc3 Bb4 4. Qd3 dxe4 5. Qxe4 Nf6 6. Qh4 Qd5 7. Bd2 Bxc3 8.
Bxc3 Qe4+ 9. Qxe4 Nxe4 10. Bb5+ Bd7 11. Bxd7+ Nxd7 12. Bb4 Nb6 13. f3 Nd6 14.
b3 Nf5 15. Rd1 Nd5 16. Ba3 Nde3 17. Rd2 Nxd4 18. Bc5 Nexc2+ 19. Kf2 O-O-O 20.
Ne2 e5 21. Rc1 b6 22. Bxd4 Nxd4 23. Nxd4 Rxd4 24. Rxd4 exd4 25. Ke2 a5 26. Kd3
c5 27. Re1 Kd7 28. Kc4 Re8 29. Rd1 Kc6 30. Rd2 Re3 0-1

[Event "Championnat de France - Open A"]
[Site "Nimes"]
[Date "2009.08.21"]
[Round "10.4"]
[White "Muller, Anne"]
[Black "Suez-Panama, Gilles"]
[Result "1-0"]
[WhiteElo "2130"]
[BlackElo "2122"]
[PlyCount "117"]
[EventDate "2009.??.??"]

1. e4 e6 2. d4 d5 3. Nd2 Nf6 4. e5 Nfd7 5. Bd3 c5 6. c3 Nc6 7. Ne2 cxd4 8. cxd4
f6 9. exf6 Qxf6 10. Nf3 h6 11. O-O Bd6 12. Ng3 O-O 13. Bc2 Rd8 14. Re1 Nf8 15.
Ne5 Qh4 16. f4 Bc7 17. Be3 Bd7 18. a3 Be8 19. Rf1 Na5 20. b3 g6 21. Qd2 Qe7 22.
Qe2 Rac8 23. Ra2 Bb6 24. Qd2 Qc7 25. Ne2 Nc6 26. Rf3 Ne7 27. g4 Bb5 28. f5 exf5
29. gxf5 Nxf5 30. Bxf5 gxf5 31. Rg3+ Kh7 32. Nf4 Qc1+ 33. Qxc1 Rxc1+ 34. Bxc1
Bxd4+ 35. Kg2 Bxe5 36. Rh3 Rd6 37. Rf2 d4 38. Nd3 Rg6+ 39. Kf1 Rc6 40. Bd2 Rf6
41. a4 Bxd3+ 42. Rxd3 Ne6 43. Bb4 f4 44. Re2 Rf5 45. Bd6 Bxd6 46. Rxe6 Bc5 47.
b4 Bxb4 48. Rxd4 Bc3 49. Rd7+ Bg7 50. Rxb7 a5 51. Kf2 Rc5 52. Ree7 Rg5 53. Kf3
Kg8 54. Re8+ Bf8 55. Kxf4 Rg1 56. Rbb8 Rf1+ 57. Ke5 Re1+ 58. Kd5 Rd1+ 59. Kc4
1-0

[Event "Championnat de France - Open A"]
[Site "Nimes"]
[Date "2009.08.21"]
[Round "10.5"]
[White "Fantinel, Thibault"]
[Black "Forestier, Carole"]
[Result "1-0"]
[WhiteElo "2089"]
[BlackElo "2111"]
[PlyCount "69"]
[EventDate "2009.??.??"]

1. e4 e6 2. d4 d5 3. Nc3 Nf6 4. Bg5 Be7 5. e5 Nfd7 6. Bxe7 Qxe7 7. Nb5 Nb6 8.
c3 a6 9. Na3 c5 10. f4 Nc6 11. Nc2 Na4 12. Rb1 b5 13. Nf3 Bd7 14. Qd2 Nb6 15.
b3 O-O 16. Be2 a5 17. a3 Rfb8 18. O-O c4 19. b4 Be8 20. Ne3 f5 21. exf6 Qxf6
22. Ne5 g6 23. g4 axb4 24. axb4 Ra3 25. g5 Qe7 26. N3g4 Kh8 27. Rf3 Rba8 28.
Rbf1 Ra2 29. Qe3 R8a3 30. Nxc6 Bxc6 31. Qe5+ Qg7 32. Qb8+ Qg8 33. Qxb6 Rxe2 34.
Qxc6 Raa2 35. R1f2 1-0

[Event "Championnat de France - Open A"]
[Site "Nimes"]
[Date "2009.08.21"]
[Round "10.6"]
[White "Loiseau, Quentin"]
[Black "Billon, Olivier"]
[Result "1/2-1/2"]
[WhiteElo "2093"]
[BlackElo "1991"]
[PlyCount "61"]
[EventDate "2009.??.??"]

1. c4 e6 2. d4 d5 3. Nc3 c6 4. e3 Nf6 5. Nf3 Nbd7 6. Bd3 dxc4 7. Bxc4 b5 8. Bd3
a6 9. e4 c5 10. e5 cxd4 11. Nxb5 axb5 12. exf6 gxf6 13. O-O Qb6 14. Qe2 Bb7 15.
Bxb5 Bd6 16. Rd1 Rg8 17. g3 Rg4 18. Bf4 Bxf4 19. Nxd4 h5 20. Nxe6 fxe6 21. Rxd7
Kf8 22. Qd3 Bxg3 23. hxg3 h4 24. Rd6 Qc5 25. b4 Qe5 26. Rd8+ Rxd8 27. Qxd8+ Kg7
28. Qe7+ Kh6 29. Qf8+ Rg7 30. Qh8+ Rh7 31. Qf8+ 1/2-1/2

[Event "Championnat de France - Open A"]
[Site "Nimes"]
[Date "2009.08.21"]
[Round "10.7"]
[White "Pilte, Nicolas"]
[Black "Guennoun, Anthony"]
[Result "1-0"]
[WhiteElo "2015"]
[BlackElo "2151"]
[Annotator "Rivier,Sylvain"]
[PlyCount "42"]
[EventDate "2009.??.??"]

1. e4 c5 2. c3 Nf6 3. e5 Nd5 4. d4 cxd4 5. Nf3 Nc6 6. Bc4 Nb6 7. Bb3 d5 8. exd6
Qxd6 9. O-O Be6 10. Na3 dxc3 11. Qc2 Bxb3 12. Nb5 Qb8 13. axb3 e5 14. bxc3 Be7
15. Bg5 Bxg5 16. Nxg5 h6 17. Nxf7 Kxf7 18. f4 Rf8 19. fxe5+ Kg8 20. e6 Nd5 21.
Rf7 Qe5 {suite illisible} 1-0

[Event "Championnat de France - Open A"]
[Site "Nimes"]
[Date "2009.08.21"]
[Round "10.8"]
[White "Ribeiro, Romain"]
[Black "Allorant, Adrien"]
[Result "1-0"]
[WhiteElo "2141"]
[BlackElo "2072"]
[PlyCount "149"]
[EventDate "2009.??.??"]

1. e4 c5 2. Nc3 g6 3. Bc4 Nc6 4. f4 Bg7 5. Nf3 e6 6. f5 Nge7 7. fxe6 dxe6 8. d3
O-O 9. O-O Na5 10. Bb3 Nec6 11. Be3 Nd4 12. Qd2 a6 13. Bg5 f6 14. Be3 Naxb3 15.
axb3 e5 16. Na4 Qd6 17. b4 cxb4 18. Nxd4 exd4 19. Bf4 Qc6 20. Qxb4 Be6 21. Nc5
Bf7 22. Rf2 a5 23. Qxd4 Rfc8 24. Na4 b5 25. Nc3 f5 26. e5 Rd8 27. Qe3 b4 28.
Na4 Bf8 29. h4 Ra6 30. Qg3 Rd4 31. b3 Qd5 32. Qf3 Be7 33. g3 Qxf3 34. Rxf3 Kg7
35. Be3 Rg4 36. Kf2 Rc6 37. Rc1 h6 38. Nb2 Bd5 39. Rf4 Rxf4+ 40. Bxf4 g5 41.
hxg5 hxg5 42. Be3 Rh6 43. Nd1 Rh2+ 44. Ke1 Kf7 45. d4 Bf3 46. Bf2 f4 47. Nb2
Rh1+ 48. Kd2 Rh2 49. gxf4 gxf4 50. Nd3 Bh4 51. Rf1 Bg2 52. Bg1 Bxf1+ 53. Bxh2
f3 54. Ke3 Bg2 55. Nf2 Ke6 56. Bg1 Kd5 57. Ne4 Bd8 58. Bf2 Be7 59. c4+ bxc3 60.
Nxc3+ Ke6 61. Ke4 Bb4 62. Nd5 Bd2 63. Nb6 Be1 64. d5+ Kf7 65. Ke3 Bb4 66. Kd4
Ke7 67. Nc8+ Kd7 68. Na7 Bh3 69. Ke4 Bc3 70. Nb5 Bb4 71. Nd4 Bc5 72. e6+ Ke8
73. Ke5 Bf1 74. d6 Bb5 75. Nxb5 1-0

[Event "Championnat de France - Open A"]
[Site "Nimes"]
[Date "2009.08.21"]
[Round "10.9"]
[White "Zschiedrich, Heiko"]
[Black "Delay, Guillaume"]
[Result "1-0"]
[WhiteElo "2132"]
[BlackElo "1994"]
[PlyCount "103"]
[EventDate "2009.??.??"]

1. e4 c5 2. c3 d5 3. exd5 Qxd5 4. d4 Nf6 5. Nf3 Bg4 6. Be2 e6 7. h3 Bh5 8. O-O
Nc6 9. Be3 cxd4 10. cxd4 Be7 11. Nc3 Qd6 12. a3 O-O 13. Qb3 Rfd8 14. Rfd1 Bg6
15. Rac1 Rab8 16. Ne5 a6 17. Qa4 Rbc8 18. Nxc6 Qxc6 19. Qxc6 Rxc6 20. Bf3 Rb6
21. b4 Nd5 22. Nxd5 exd5 23. Bf4 Bd6 24. Bxd6 Rbxd6 25. Rc7 R6d7 26. Rdc1 h6
27. Bg4 f5 28. Bf3 Bf7 29. Kf1 g5 30. g3 Be6 31. Ke2 Kf7 32. Kd2 Kf6 33. Rxd7
Rxd7 34. Rc8 f4 35. h4 gxh4 36. gxh4 Kg6 37. Rf8 Rf7 38. Rxf7 Kxf7 39. Bh5+ Kf6
40. Ke2 Bh3 41. a4 Kf5 42. f3 b6 43. a5 bxa5 44. bxa5 Kf6 45. Bg4 Bxg4 46. fxg4
Kg6 47. Kf3 h5 48. gxh5+ Kxh5 49. Kxf4 Kxh4 50. Ke5 Kg5 51. Kxd5 Kf6 52. Kc6
1-0

[Event "Championnat de France - Open A"]
[Site "Nimes"]
[Date "2009.08.21"]
[Round "10.10"]
[White "Ollier, Milan"]
[Black "Franck, Boris"]
[Result "1-0"]
[WhiteElo "2011"]
[BlackElo "2122"]
[PlyCount "57"]
[EventDate "2009.??.??"]

1. e4 g6 2. d4 Bg7 3. Nc3 c6 4. Bc4 d6 5. f4 Nh6 6. Nf3 d5 7. exd5 Bg4 8. h3
Bxf3 9. Qxf3 Nf5 10. Be3 Bxd4 11. Bxd4 Nxd4 12. Qd3 Nf5 13. O-O-O O-O 14. g4
Nd6 15. h4 Qa5 16. Ne4 Qb4 17. Nxd6 Qxd6 18. Qf3 c5 19. h5 Nd7 20. g5 Nb6 21.
Qe4 Nxc4 22. Qxc4 b5 23. Qe4 Qd7 24. Rh4 Qf5 25. Qh1 c4 26. hxg6 fxg6 27. Rxh7
c3 28. Qh6 Qxf4+ 29. Kb1 1-0

[Event "Championnat de France - Open A"]
[Site "Nimes"]
[Date "2009.08.22"]
[Round "11.1"]
[White "Le Ruyet, Leopold"]
[Black "Castro, John"]
[Result "1/2-1/2"]
[WhiteElo "2058"]
[BlackElo "2071"]
[PlyCount "41"]
[EventDate "2009.??.??"]

1. e4 c5 2. Nf3 d6 3. d4 cxd4 4. Nxd4 Nf6 5. Nc3 Nc6 6. Bg5 e6 7. Qd2 Be7 8.
O-O-O O-O 9. f4 Nxd4 10. Qxd4 Qa5 11. Bc4 h6 12. Bh4 e5 13. Qd2 exf4 14. Bxf6
Bxf6 15. Nd5 Qxd2+ 16. Rxd2 Be5 17. Nc7 Rb8 18. Nb5 f3 19. g3 Bh3 20. Nxd6 Bxd6
21. Rxd6 1/2-1/2

[Event "Championnat de France - Open A"]
[Site "Nimes"]
[Date "2009.08.22"]
[Round "11.2"]
[White "Girard, Eric"]
[Black "Amoyal, Pierre"]
[Result "0-1"]
[WhiteElo "2150"]
[BlackElo "2139"]
[PlyCount "52"]
[EventDate "2009.??.??"]

1. c4 Nf6 2. Nc3 d5 3. cxd5 Nxd5 4. Nf3 Nxc3 5. bxc3 g6 6. h4 h6 7. d4 Bg7 8.
Bf4 c5 9. Bxb8 Rxb8 10. Qa4+ Bd7 11. Qxa7 cxd4 12. cxd4 Ra8 13. Qc5 Ra5 14. Qc3
Qa8 15. Qd2 O-O 16. e3 Bc6 17. Be2 e5 18. O-O Rd8 19. Rfd1 Ra4 20. Qc2 exd4 21.
Nxd4 Bxd4 22. Rxd4 Raxd4 23. exd4 Rxd4 24. h5 Qe8 25. Rd1 Ba4 26. hxg6 Rxd1+
0-1

[Event "Championnat de France - Open A"]
[Site "Nimes"]
[Date "2009.08.22"]
[Round "11.3"]
[White "Muller, Anne"]
[Black "Fantinel, Thibault"]
[Result "0-1"]
[WhiteElo "2130"]
[BlackElo "2089"]
[PlyCount "104"]
[EventDate "2009.??.??"]

1. e4 c5 2. Nf3 e6 3. d4 cxd4 4. Nxd4 Nc6 5. Nc3 Qc7 6. Be3 a6 7. Bd3 Nf6 8.
O-O b5 9. Nxc6 Qxc6 10. a3 Bb7 11. Qe2 Be7 12. f4 O-O 13. e5 Nd5 14. Nxd5 Qxd5
15. c4 bxc4 16. Bxc4 Qc6 17. Rac1 Bc5 18. Bxc5 Qxc5+ 19. Qf2 Qxf2+ 20. Kxf2 Bc6
21. b4 Rfb8 22. Rb1 Kf8 23. Rfd1 Ke7 24. Ke3 Rc8 25. Bd3 Bb5 26. Be4 Rc3+ 27.
Kd2 Rac8 28. Rbc1 R3c4 29. Rxc4 Rxc4 30. Re1 f5 31. exf6+ Kxf6 32. g3 h6 33.
Bc2 d5 34. Bb3 Rd4+ 35. Kc2 g5 36. fxg5+ hxg5 37. Re3 e5 38. Rf3+ Ke6 39. Kc3
Bc4 40. Bc2 Bb5 41. Bb3 Re4 42. a4 Bc4 43. Bc2 Re2 44. h4 gxh4 45. gxh4 d4+ 46.
Kxc4 Rxc2+ 47. Kd3 Rh2 48. Rg3 Kd5 49. Rg5 Rxh4 50. b5 axb5 51. axb5 Rh3+ 52.
Kc2 Rc3+ 0-1

[Event "Championnat de France - Open A"]
[Site "Nimes"]
[Date "2009.08.22"]
[Round "11.4"]
[White "Ribeiro, Romain"]
[Black "Lewertowski, Gabriel"]
[Result "1-0"]
[WhiteElo "2141"]
[BlackElo "2055"]
[PlyCount "71"]
[EventDate "2009.??.??"]

1. e4 g6 2. d4 Bg7 3. Nc3 d6 4. Be3 a6 5. a4 Nc6 6. h3 f5 7. exf5 Bxf5 8. g4
Bc8 9. Bc4 Nf6 10. Qd2 e5 11. d5 Nd4 12. g5 Nh5 13. O-O-O O-O 14. Be2 Nf4 15.
h4 Bf5 16. Bxf4 Bxc2 17. Be3 Nb3+ 18. Kxc2 Nxd2 19. Rxd2 b5 20. Bg4 b4 21. Be6+
Kh8 22. Ne4 b3+ 23. Kxb3 c5 24. dxc6 Rb8+ 25. Kc2 Qa5 26. b3 d5 27. Rxd5 Qb4
28. Nc5 e4 29. Ne2 Qa3 30. Nc3 Rb4 31. Rd7 Rd4 32. N5xe4 Rxe4 33. Nxe4 Qb2+ 34.
Kd3 Qe5 35. Bc4 Re8 36. f3 1-0

[Event "Championnat de France - Open A"]
[Site "Nimes"]
[Date "2009.08.22"]
[Round "11.5"]
[White "Billon, Olivier"]
[Black "Zschiedrich, Heiko"]
[Result "0-1"]
[WhiteElo "1991"]
[BlackElo "2132"]
[PlyCount "66"]
[EventDate "2009.??.??"]

1. e4 e6 2. d4 d5 3. Nc3 dxe4 4. Nxe4 Nd7 5. Bd3 Ngf6 6. Qe2 c5 7. Nxf6+ Nxf6
8. dxc5 Bxc5 9. Bd2 Qb6 10. O-O-O Bd7 11. Nf3 Ng4 12. Ng5 Nxf2 13. Rhf1 Nxd1
14. Qxd1 f5 15. Qe1 O-O 16. g4 Bd4 17. c3 Bf6 18. gxf5 Bxg5 19. Bxg5 exf5 20.
Rg1 Rae8 21. Qg3 Bb5 22. Bf4 g6 23. Bc2 Bc4 24. b3 Bd5 25. Rd1 Qc6 26. Bd6 Rf6
27. Be5 Rfe6 28. Bd4 Be4 29. Bd3 Bxd3 30. Qxd3 a6 31. c4 Rd8 32. Qc3 Red6 33.
Kb2 Qd7 0-1

[Event "Championnat de France - Open A"]
[Site "Nimes"]
[Date "2009.08.22"]
[Round "11.6"]
[White "Candy, Romain"]
[Black "Pilte, Nicolas"]
[Result "0-1"]
[WhiteElo "2112"]
[BlackElo "2015"]
[PlyCount "62"]
[EventDate "2009.??.??"]

1. e4 e5 2. f4 d5 3. exd5 exf4 4. d4 Qh4+ 5. Ke2 Qe7+ 6. Kf2 Nf6 7. Bd3 Nxd5 8.
Qf3 Be6 9. Nc3 Qh4+ 10. Kf1 Bb4 11. Bd2 Ne3+ 12. Bxe3 fxe3 13. Qxe3 O-O 14. Nf3
Qh5 15. Ne2 Bd6 16. Kg1 Nc6 17. c3 Rae8 18. Qd2 Bd5 19. Rf1 f5 20. c4 Bxf3 21.
Rxf3 Nxd4 22. Nxd4 Bc5 23. Rf4 Rd8 24. Be2 Bxd4+ 25. Rxd4 Rxd4 26. Qxd4 Qxe2
27. h3 f4 28. Qd5+ Kh8 29. Qc5 Qe1+ 30. Kh2 Qg3+ 31. Kg1 Re8 0-1

[Event "Championnat de France - Open A"]
[Site "Nimes"]
[Date "2009.08.22"]
[Round "11.7"]
[White "Ollier, Milan"]
[Black "Loiseau, Quentin"]
[Result "0-1"]
[WhiteElo "2011"]
[BlackElo "2093"]
[PlyCount "68"]
[EventDate "2009.??.??"]

1. e4 c5 2. Nf3 Nc6 3. Bb5 d6 4. O-O Bd7 5. c3 a6 6. Bxc6 Bxc6 7. Re1 Nf6 8. d4
Bxe4 9. Bg5 Bd5 10. Nbd2 e6 11. c4 Bc6 12. d5 Bd7 13. dxe6 Bxe6 14. Ne4 Be7 15.
Bxf6 gxf6 16. Qd3 f5 17. Nc3 Qd7 18. Nd5 Bxd5 19. Qxd5 O-O 20. Re5 b5 21. Rd1
Bf6 22. Rxf5 Qe6 23. b3 Rad8 24. Qd3 Bg7 25. h4 bxc4 26. bxc4 h6 27. Rd5 Rfe8
28. Re1 Qf6 29. Rb1 Qf4 30. g3 Qg4 31. Kg2 Re4 32. Rxc5 Rd4 33. Nxd4 dxc5 34.
Rb7 Rxd4 0-1

[Event "Championnat de France - Open A"]
[Site "Nimes"]
[Date "2009.08.22"]
[Round "11.8"]
[White "Suez-Panama, Gilles"]
[Black "Feryn, Alexandre"]
[Result "1/2-1/2"]
[WhiteElo "2122"]
[BlackElo "1994"]
[PlyCount "59"]
[EventDate "2009.??.??"]

1. d4 Nf6 2. Nf3 g6 3. c4 Bg7 4. Nc3 O-O 5. e4 d6 6. Be2 e5 7. O-O Nc6 8. d5
Ne7 9. b4 a5 10. Ba3 axb4 11. Bxb4 b6 12. a4 Re8 13. Nd2 h6 14. Nb3 Bf8 15. Qc2
c5 16. Ba3 Nh7 17. Bb2 f5 18. f4 Bg7 19. Nb5 fxe4 20. fxe5 Nf5 21. Qxe4 Bxe5
22. Bxe5 Rxe5 23. Qd3 Qg5 24. Rf3 Bd7 25. Bf1 Qg4 26. Nxd6 Ng5 27. Rg3 Nxg3 28.
Qxg6+ Kf8 29. Qf6+ Kg8 30. Qg6+ 1/2-1/2

[Event "Championnat de France - Open A"]
[Site "Nimes"]
[Date "2009.08.22"]
[Round "11.9"]
[White "Lagunes, Jean-Renaud"]
[Black "Benmesbah, Natacha"]
[Result "0-1"]
[WhiteElo "2096"]
[BlackElo "2151"]
[PlyCount "72"]
[EventDate "2009.??.??"]

1. e4 c5 2. Nf3 d6 3. Bb5+ Nd7 4. c3 Ngf6 5. Qe2 a6 6. Ba4 b5 7. Bc2 c4 8. b3
Qc7 9. Bb2 Bb7 10. d4 cxd3 11. Bxd3 Nc5 12. Nbd2 Nxd3+ 13. Qxd3 e6 14. O-O Be7
15. Rfe1 O-O 16. Nd4 Rad8 17. Qg3 Qb8 18. Re3 d5 19. e5 Ne4 20. Nxe4 dxe4 21.
b4 Bd5 22. a4 f5 23. exf6 Bxf6 24. Qg4 Bxd4 25. cxd4 Rf6 26. Qg5 Rdf8 27. Rg3
Qc7 28. axb5 axb5 29. Bc3 Rxf2 30. Qe3 Qf7 31. h3 Qc7 32. Rc1 R2f3 33. Rxf3
exf3 34. Be1 Qf7 35. gxf3 Qg6+ 36. Kh2 h6 0-1